000
00310nam a2200133 i 4500
001
bg
245
0
_a
Anglo-russkij slovar' po dorożnomu stroitel'stvu.
260
_a
Moskva,
_c
1975.
040
_c
BPK
041
_a
pol
080
_a
625(03)=20=82
942
_c
KS
008
s pl f |000 0 pol
999
_c
26802
_d
26802